000 00305nam a22001457a 4500
008 210518b ||||| |||| 00| 0 eng d
020 _a9780375424908
041 _aeng
080 _a781
082 _a781
100 _a45
101 _aMUZ
245 _aRebel Music
_cHisham D. Aidi
942 _2udc
_cBK
999 _c57429
_d57429